Western Nights - Ethel Cain - Statistics

General Stats
  • This quiz has been taken 9 times
  • The average score is 289 of 311
Answer Stats
» % Correct
a
100%
across
100%
addict
100%
all
100%
All
100%
always
100%
ask
100%
asked
100%
at
100%
ATM
100%
baby,
100%
baby
100%
be
100%
beat
100%
beautiful
100%
because
100%
bed
100%
blind
100%
Breaking
100%
but
100%
Crying
100%
crying
100%
do
100%
do,
100%
every
100%
face
100%
find
100%
first
100%
gonna
100%
gun
100%
happy
100%
He's
100%
hold
100%
Hold
100%
how
100%
I
100%
I'd
100%
if
100%
I'll
100%
I'm
100%
in
100%
know
100%
leave
100%
left
100%
like
100%
line
100%
looked
100%
lot
100%
love
100%
me
100%
mean
100%
mind
100%
more
100%
much
100%
name
100%
never
100%
nights
100%
nights,
100%
okay
100%
on
100%
only
100%
parking
100%
right
100%
say
100%
screaming
100%
sheets,
100%
so
100%
some
100%
state
100%
the
100%
The
100%
there
100%
these
100%
to
100%
to?
100%
Trouble's
100%
undressed
100%
wall
100%
western
100%
what's
100%
while
100%
will
100%
would
100%
you
100%
your
100%
alright
80%
alright,
80%
and
80%
are
80%
bar
80%
behind
80%
beside
80%
black
80%
blue
80%
Cause
80%
clinging
80%
could
80%
daddy
80%
day,
80%
die
80%
don't
80%
Even
80%
even
80%
fights
80%
gas
80%
gets
80%
getting
80%
Harley
80%
haven't
80%
him
80%
his
80%
hot
80%
into
80%
it
80%
keeps
80%
known
80%
light
80%
long,
80%
long
80%
lose
80%
lying
80%
money's
80%
my
80%
naked
80%
need
80%
neighborhood
80%
neighbors
80%
No,
80%
no
80%
of
80%
one
80%
onto
80%
out
80%
paper
80%
Past
80%
Please
80%
Riding
80%
shades
80%
should've
80%
show
80%
Show
80%
Sleeping
80%
smaller
80%
spoken
80%
Starting
80%
starved
80%
static
80%
stations,
80%
street
80%
that
80%
that's
80%
there's
80%
thin
80%
through
80%
Through
80%
time
80%
too
80%
TV
80%
walls
80%
want
80%
watched
80%
when
80%
wondering
80%
worry,
80%
you'll
80%
down
60%
interstate
60%
still
60%
trailing
60%
No matching quizzes found
Score Distribution
Percent of People with Each Score
Percentile by Number Answered
Your Score History
You have not taken this quiz